Jumping Around Geography #6 - Statistics

General Stats
  • This quiz has been taken 151 times
  • The average score is 19 of 26
Answer Stats
# Hint Answer % Correct
N Country bordering South Africa and Angola Namibia
96%
I Dominant religion of M Islam
91%
E Most populated country of M Egypt
88%
Q Holy book of I Quran
88%
V Country in Oceania Vanuatu
88%
Y River in China Yangtze
87%
J Holy city of I Jerusalem
86%
H Country that isn't thirsty Hungary
85%
O Branch of Christianity: Eastern ________ Orthodox
85%
C Capital of E Cairo
84%
R Sea bordering E Red
81%
X Type of light discovered in Germany X-ray
79%
M Region with Yemen, Turkey, and Syria Middle East
78%
Z Capital of a European country Zagreb
78%
F Country near V Fiji
75%
B Capital of H Budapest
74%
G City near C Giza
72%
P What G is famous for Pyramids
72%
W Capital of N Windhoek
70%
U Country with lots of O Ukraine
64%
S Country with more Ps than E Sudan
59%
D Something named after N Desert
53%
T Region of L's country Tuscany
52%
K Capital of S Khartoum
47%
A Biggest D Antarctica
43%
L Sea bordering boot shaped country Ligurian
33%
No matching quizzes found
Score Distribution
Percent of People with Each Score
Percentile by Number Answered
Your Score History
You have not taken this quiz